| 000 | 01228cam a22003495a 4500 | ||
|---|---|---|---|
| 001 | 17928987 | ||
| 005 | 20150603110742.0 | ||
| 008 | 131031t2015 moua frbd 001 0 eng d | ||
| 010 | _a2013043592 | ||
| 020 | _a9780323112406 (pbk. : alk. paper) | ||
| 020 | _a0323112404 (pbk. : alk. paper) | ||
| 040 |
_aDNLM/DLC _cDLC _dDLC _dEG-ScBUE |
||
| 082 | 0 | 4 |
_a616.0754 _222 _bSEI |
| 240 | 1 | 0 | _aMosby's guide to physical examination |
| 245 | 0 | 0 |
_aSeidel's guide to physical examination / _cJane W. Ball ... [et al.] |
| 246 | 3 | _aGuide to physical examination | |
| 250 | _a8th ed. | ||
| 260 |
_aMissouri : _bElsevier / Mosby, _cc.2015. |
||
| 300 |
_axix, 714 p. : _bill. (col.) ; _c29 cm. |
||
| 500 | _aPreceded by Mosby's guide to physical examination / Henry M. Seidel ... [et al.]. 7th ed. c2011. | ||
| 500 | _aGlossary : p. 666-674. | ||
| 500 | _aIndex : p. 686-714. | ||
| 504 | _aBibliography : p.645-665. | ||
| 650 | 1 | 2 |
_aPhysical Examination _xmethods. _2BUEsh |
| 650 | 1 | 2 |
_aPhysical diagnosis. _2BUEsh |
| 650 | 2 | 2 |
_aMedical History Taking _xmethods. _2BUEsh |
| 651 | _2BUEsh | ||
| 653 |
_bNNUR _cMay2015 |
||
| 655 |
_vreading book _934232 |
||
| 700 | 1 |
_aDains, Joyce E., _q(Jane W.), |
|
| 942 |
_2ddc _k616.0754 SEI |
||
| 999 |
_c19415 _d19387 |
||